| 000 | 00838nam a22002897a 4500 | ||
|---|---|---|---|
| 001 | 0004213 | ||
| 003 | KOHA_MİRAKIL | ||
| 005 | 20260207001403.0 | ||
| 007 | ta | ||
| 008 | 090420b2001 tu |||gr||||#||||0|tur | | ||
| 020 |
_a975706436X _c0,01 |
||
| 040 |
_aTR-BiSEU _btur _cTR-BiSEU _erda |
||
| 041 | 0 | _atur | |
| 044 | _ctu | ||
| 050 |
_aJF1358 _b.P65 2001 |
||
| 100 | 1 | _aPolatoğlu, Aykut. | |
| 245 | 1 |
_aKamu yönetimi: genel ilkeler ve Türkiye uygulaması/ _cAykut Polatoğlu ; Aykut Polatoğlu. |
|
| 264 | 1 |
_aAnkara : _bMETU Press _c2001 |
|
| 300 | _aii, 171 sayfa | ||
| 336 |
_ametin _btxt _2rdacontent |
||
| 337 |
_aaracısız _bn _2rdamedia |
||
| 338 |
_acilt _bnc _2rdacarrier |
||
| 500 | _aKaynakça ve dizin var. | ||
| 650 | 0 |
_aKamu yönetimi--Türkiye. _97809 |
|
| 650 | 0 |
_aKamu yönetimi. _94578 |
|
| 942 |
_2lcc _cBK |
||
| 999 |
_c4196 _d4196 |
||